Подробности
| 000 -МАРКЕР |
| контрольное поле |
02181nam0a2200373 4500 |
| 001 - ИДЕНТИФИКАТОР ЗАПИСИ |
| контрольное поле |
RU\NLR\BIBL_A\011622232 |
| 005 - ИДЕНТИФИКАТОР ВЕРСИИ |
| контрольное поле |
20260327140118.0 |
| 010 ## - МЕЖДУНАРОДНЫЙ СТАНДАРТНЫЙ НОМЕР КНИГИ (ISBN) |
| Номер (ISBN) |
978-5-209-07983-5 |
| Тираж |
500 |
| 021 ## - НОМЕР ГОСУДАРСТВЕННОЙ РЕГИСТРАЦИИ |
| Код страны |
российская федерация |
| Номер |
2017-102559 |
| Номер Листа государственной регистраци |
7401 |
| 035 ## - ДРУГИЕ СИСТЕМНЫЕ НОМЕРА |
| Идентификатор записи |
(NLR Aleph) 011622232 |
| 035 ## - ДРУГИЕ СИСТЕМНЫЕ НОМЕРА |
| Идентификатор записи |
(RuMoRGB)009506258 |
| 100 ## - ДАННЫЕ ОБЩЕЙ ОБРАБОТКИ |
| Данные общей обработки |
20180205d2017 k y0rusy50 ca |
| 101 1# - ЯЗЫК РЕСУРСА |
| Язык текста, звукозаписи и т.д. |
английский |
| Язык оригинала |
русский |
| Язык резюме |
русский |
| 102 ## - СТРАНА ПУБЛИКАЦИИ ИЛИ ПРОИЗВОДСТВА |
| Страна публикации |
российская федерация |
| 105 ## - ПОЛЕ КОДИРОВАННЫХ ДАННЫХ: ТЕКСТОВЫЕ МАТЕРИАЛЫ, МОНОГРАФИЧЕСКИЕ |
| Кодированные данные о монографическом текстовом документе |
a j 000zy |
| 200 1# - ЗАГЛАВИЕ И СВЕДЕНИЯ ОБ ОТВЕТСТВЕННОСТИ |
| Основное заглавие |
Economics of innovative activity of enterprise |
| Параллельное заглавие |
Экономика инновационной деятельности предприятия |
| Сведения, относящиеся к заглавию |
учебное пособие для использования в образовательном процессе образовательных организаций, реализующих программы высшего образования по направлению подготовки 38.04.01 Экономика (уровень магистратуры) |
| Первые сведения об ответственности |
[the team of authors: PhD, Professor I.V. Karzanova, PhD, Yu.V. Solovieva, PhD S.B. Zaynullin et al. |
| Последующие сведения об ответственности |
translation: I.V. Karzanova et al.] |
| Язык параллельного заглавия |
русский |
| 210 ## - ПУБЛИКАЦИЯ, РАСПРОСТРАНЕНИЕ И ДР. |
| Место издания, распространения и т.д. |
Москва |
| Имя издателя, распространителя и т. д. |
Российский университет дружбы народов |
| Дата издания, распространения и т.д. |
2017 |
| 215 ## - ФИЗИЧЕСКАЯ ХАРАКТЕРИСТИКА |
| Специфическое обозначение материала и объем |
195 с. |
| Размеры |
20 |
| 300 ## - ОБЩИЕ ПРИМЕЧАНИЯ |
| Текст примечания |
Авт. указаны на обороте тит. л. |
| 300 ## - ОБЩИЕ ПРИМЕЧАНИЯ |
| Текст примечания |
Рез. на рус. яз. |
| 320 ## - ПРИМЕЧАНИЯ О НАЛИЧИИ В ДОКУМЕНТЕ БИБЛИОГРАФИИ / УКАЗАТЕЛЯ |
| Текст примечания |
Библиогр.: с. 186-195 (127 назв.) |
| 510 1# - ПАРАЛЛЕЛЬНОЕ ЗАГЛАВИЕ |
| Параллельное заглавие |
Экономика инновационной деятельности предприятия |
| Язык заглавия |
русский |
| 606 1# - НАИМЕНОВАНИЕ ТЕМЫ КАК ПРЕДМЕТ |
| Наименование темы |
Предприятия |
| Тематический подзаголовок |
Инновационная деятельность |
| -- |
Управление |
| Формальный подзаголовок |
Учебные издания для высших учебных заведений |
| Код системы |
nlr_sh1 |
| -- |
nlr_sh2 |
| Идентификатор авторитетной/нормативной записи |
RU\NLR\AUTH\661378857 |
| 686 ## - ИНДЕКСЫ ДРУГИХ КЛАССИФИКАЦИЙ |
| Индекс |
У9(2)29-551.1я73-1 |
| Код системы |
|
| 686 1# - ИНДЕКСЫ ДРУГИХ КЛАССИФИКАЦИЙ |
| Индекс |
У9(2)-55-21я73 |
| 686 1# - ИНДЕКСЫ ДРУГИХ КЛАССИФИКАЦИЙ |
| Индекс |
У29(2)я73 |
| 701 #1 - ИМЯ ЛИЦА - АЛЬТЕРНАТИВНАЯ ОТВЕТСТВЕННОСТЬ |
| Начальный элемент ввода |
Karzanova |
| Часть имени, кроме начального элемента ввода |
I.V. |
| Расширение инициалов личного имени |
Irina Viktorovna |
| 701 #1 - ИМЯ ЛИЦА - АЛЬТЕРНАТИВНАЯ ОТВЕТСТВЕННОСТЬ |
| Начальный элемент ввода |
Solov'eva |
| Часть имени, кроме начального элемента ввода |
J.V. |
| Расширение инициалов личного имени |
Juliana Vladimirovna |
| 701 #1 - ИМЯ ЛИЦА - АЛЬТЕРНАТИВНАЯ ОТВЕТСТВЕННОСТЬ |
| Начальный элемент ввода |
Zajnullin |
| Часть имени, кроме начального элемента ввода |
S. B. |
| Даты |
1977- |
| Расширение инициалов личного имени |
Sergej Bulatovič |
| Идентификатор авторитетной/нормативной записи |
RU\NLR\AUTH\770291623 |
| 942 ## - ДОПОЛНИТЕЛЬНЫЕ ЭЛЕМЕНТЫ ЗАПИСИ (АБИС) |
| Тип экземпляра АБИС |
Книга |
| 980 ## - КОЛЛЕКЦИЯ |
| Название коллекции |
Национальная библиография |